书目信息 |
| 题名: |
公路施工手册:桥涵 下
|
|
| 作者: | 交通部第一公路总公司 编 | |
| 分册: | ||
| 出版信息: | 北京 人民交通出版社 2000.03 |
|
| 页数: | 1303页 | |
| 开本: | 16开 | |
| 丛书名: | ||
| 单 册: | ||
| 中图分类: | U448.14-62 , U415-62 | |
| 科图分类: | ||
| 主题词: | 道路工程 | |
| 电子资源: | ||
| ISBN: | 7-114-03461-X | |
| 000 | 00655nam0 2200205 45 | |
| 001 | 0009071663 | |
| 005 | 20210628163428.33 | |
| 010 | @a7-114-03461-X@d143.00元 | |
| 100 | @a20000907d2000 km y0chiy0120 ea | |
| 101 | 0 | @achi |
| 105 | @a z 000yy | |
| 200 | 1 | @a公路施工手册:桥涵 下@AGong Lu Shi Gong Shou Ce:Qiao Han Xia@f交通部第一公路总公司编@FJiao Tong Bu Di Yi Gong Lu Zong Gong Si Bian |
| 210 | @a北京@c人民交通出版社@d2000.03 | |
| 215 | @a1303页@d16开 | |
| 606 | 0 | @a道路工程 |
| 690 | @aU448.14-62@v3 | |
| 690 | @aU415-62@v4 | |
| 701 | 0 | @a交通部第一公路总公司@4编 |
| 801 | @aCN@bPftUser@c20000907 | |
| 905 | @b125987-996@dU415-62@eJ628:2@f10 | |
| 公路施工手册:桥涵 下/交通部第一公路总公司编.-北京:人民交通出版社,2000.03 |
| 1303页;16开 |
| ISBN 7-114-03461-X:143.00元 |
| ● |
| 相关链接 |
|
|
|
正题名:公路施工手册:桥涵 下
索取号:U415-62/J628:2
 
预约/预借
| 序号 | 登录号 | 条形码 | 馆藏地/架位号 | 状态 | 备注 |
| 1 | 125987 | 201259878 | 自科二线400A/400A自科库 32排2列4层/ [索取号:U448.14-62/J:072=2] | 在馆 | |
| 2 | 125988 | 201259887 | 自科二线504/504自科库 31排3列3层/ [索取号:U448.14-62/J:072=2] | 在馆 | |
| 3 | 125989 | 201259896 | 自科库501/501自科库 54排5列5层/ [索取号:U448.14-62/J:072=2] | 在馆 | |
| 4 | 125990 | 201259903 | 自科二线504/504自科库 30排1列2层/ [索取号:U448.14-62/J:072=2] | 在馆 | |
| 5 | 125991 | 201259912 | 自科二线504/504自科库 31排3列2层/ [索取号:U448.14-62/J:072=2] | 在馆 | |
| 6 | 125992 | 201259921 | 自科二线504/504自科库 31排3列1层/ [索取号:U448.14-62/J:072=2] | 在馆 | |
| 7 | 125993 | 201259930 | 自科库501/501自科库 81排1列4层/ [索取号:U448.14-62/J:072=2] | 在馆 | |
| 8 | 125994 | 201259949 | 自科二线504/504自科库 31排4列2层/ [索取号:U448.14-62/J:072=2] | 在馆 | |
| 9 | 125995 | 201259958 | 自科二线504/504自科库 30排1列3层/ [索取号:U448.14-62/J:072=2] | 在馆 | |
| 10 | 125996 | 201259967 | 自科库501/501自科库 81排1列4层/ [索取号:U448.14-62/J:072=2] | 在馆 | |
| 11 | 63427 | 200634279 | 自科库501/501自科库 54排5列5层/ [索取号:U448.14-62/J:072=2] | 在馆 | |
| 12 | 63428 | 200634288 | 自科库501/501自科库 81排1列3层/ [索取号:U448.14-62/J:072=2] | 在馆 |